Development and acceptability of management information system for the Little Children's Home Taytay, Rizal / (Record no. 59234)

MARC details
000 -LEADER
fixed length control field 03549nam a22002417a 4500
003 - CONTROL NUMBER IDENTIFIER
control field URS
005 - DATE AND TIME OF LATEST TRANSACTION
control field 20250709154152.0
008 - FIXED-LENGTH DATA ELEMENTS--GENERAL INFORMATION
fixed length control field 221103b |||||||| |||| 00| 0 eng d
050 ## - LIBRARY OF CONGRESS CALL NUMBER
Classification number BSIT
Item number .Ab39 2019
245 ## - TITLE STATEMENT
Title <a href="Development and acceptability of management information system for the Little Children's Home Taytay, Rizal /">Development and acceptability of management information system for the Little Children's Home Taytay, Rizal /</a>
Statement of responsibility, etc Albert Paul V. Abesamis...[and three others].
260 ## - PUBLICATION, DISTRIBUTION, ETC. (IMPRINT)
Date of publication, distribution, etc ©2019.
300 ## - PHYSICAL DESCRIPTION
Extent xiv, 95 leaves :
Other physical details illustrations (some colour) ;
Dimensions 28 cm.
336 ## - CONTENT TYPE
Source rdacontent
Content type term text
336 ## - CONTENT TYPE
Source rdacontent
Content type term still image
337 ## - MEDIA TYPE
Source rdamedia
Media type term unmediated
338 ## - CARRIER TYPE
Source rdacarrier
Carrier type term volume
502 ## - DISSERTATION NOTE
Dissertation note Thesis
Degree type Bachelor of Science in Information Technology
Name of granting institution University of Rizal System-Taytay
Year degree granted 2019
504 ## - BIBLIOGRAPHY, ETC. NOTE
Bibliography, etc Includes bibliographical references.
520 ## - SUMMARY, ETC.
Summary, etc This study of the researchers entitled "Development and Acceptability of Management Information System for the Little Children's Home Taytay, Rizal" aims to improve the management, optimize the flow of service and lessen the papers used. The system is designed as user-friendly so the social worker can easily understand it.<br/><br/>The Development of Management Information System for the Little Children's Home serves as an appeal of orphanage for improving and increasing the process that is based on the belief that it can be improve to computer application with additional advantages. Practices known to be effective for instructional design and managing for all the matter involve could be applied to computer programs.<br/><br/>The proposed system will help the social worker to manage the various important records controlled by the Little Children's Home of Taytay, Rizal, it can be used to consolidate into one comprehensive system, and eliminating much of the manual manipulation of data presently requires the data reports of children's.<br/> <br/>The proposed system was developed using Vb.net for programming language and MS SQL server 2008for the database.<br/><br/>The researchers used the quantitative descriptive method type of research utilizing the level of acceptability. The respondents of the study is represented by a total of twenty-four (24) respondents from Little Children's Home Taytay, Rizal which are comprises of four (4) IT practitioners and twenty (20) admins ad staffs. An adopted modified questionnaire checklist was used to be able to test the level of acceptability of the proposed system of the said institution.<br/><br/>After the system was developed, the researchers administer the evaluation and found out the level of acceptability of the developed system is acceptable by the respondents in terms of functional suitability, usability, reliability, performance efficiency, security, portability, compatibility and maintainability.<br/><br/>Therefore, the developed Management Information System can be used by the staff of Little Children's Home for easily recording and managing the children's information and admins who records the data of the children.<br/><br/>Based on the finding and conclusion the researchers recommended that the developed system may be implemented at Little Children's Home Taytay, Rizal; the developed system must be maintained by the IT practitioner of the institution; The developed system can be used as reference by the future researchers' The developed system is open for further improvements and additional other features by the future researchers.<br/><br/>
700 ## - ADDED ENTRY--PERSONAL NAME
9 (RLIN) 2828
Personal name Abesamis, Albert Paul V.,
Relator term author.
856 ## - ELECTRONIC LOCATION AND ACCESS
Materials specified Online Request for Student Unpublished Works
Uniform Resource Identifier https://forms.gle/7LqvGGkaDrUQqz429
942 ## - ADDED ENTRY ELEMENTS (KOHA)
Source of classification or shelving scheme Library of Congress Classification
Koha item type Theses and dissertations
Holdings
Withdrawn status Source of classification or shelving scheme Damaged status Not for loan Collection code Home library Current library Shelving location Date acquired Total Checkouts Full call number Barcode Date last seen Copy number Koha item type
  Library of Congress Classification     Reference Taytay College Library Taytay College Library Undergraduate Theses 11/03/2022   BSIT .Ab39 2019 URSTAY-T293 11/03/2022 1 Theses and dissertations

University of Rizal System
Email us at univlibservices@urs.edu.ph

Visit our Website www.urs.edu.ph/library